000 00465nam a2200181Ia 4500
005 20250508163032.0
008 008 250505s9999 xx 000 0 hin d
037 _aTextual
040 _aFEDL
_beng
_cFEDL
041 _ahin
_2hin
084 _a891.44, TAG
_qFEDL
100 _aTagore Rabindranath
245 0 _aSadhna
260 _aDelhi, India
_bRajpal and Sons
300 _a129p
942 _cTEXL
_h891.44, TAG
999 _c1380413
_d1380413